Normal view
MARC view
- Institutional investments
Entry Topical Term
001 - CONTROL NUMBER
- control field: 36884
003 - CONTROL NUMBER IDENTIFIER
- control field: OSt
005 - DATE AND TIME OF LATEST TRANSACTION
- control field: 20141211144420.0
008 - FIXED-LENGTH DATA ELEMENTS
- fixed length control field: 141211|| aca||babn | a|a d
040 ## - CATALOGING SOURCE
- Original cataloging agency: OSt
150 ## - HEADING--TOPICAL TERM
- Topical term or geographic name as entry element: Institutional investments
550 ## - SEE ALSO FROM TRACING--TOPICAL TERM
- Topical term or geographic name entry element: Investments
550 ## - SEE ALSO FROM TRACING--TOPICAL TERM
- Topical term or geographic name entry element: Global custody (Securities)